000 00654nam a2200241Ia 4500
001 30113
005 20240114001434.0
007 ta
008 060712s1352 g b000 u 346 u
040 _aCotton College,Assam
041 _a346
082 _a891.4418
_bT 129 B
100 _aTagore, Rabindra Nath.
245 0 _aBhanushingher Patrabali /
_cRabindra Nath Tagore.
_hTextual Documents
250 _a1st ed. /
260 _aCalcutta :
_bBiswabharati Granthalai ,
_c1352.
300 _a130p. ;
_c17cm.
653 _aBengali Poetry-Collections
653 _aG-Bengali
942 _2ddc
_cBK
999 _c30095
_d30095